000 01484nam0a2200325 i 4500
001 RU\NLR\bibl\2027779
005 20240921192639.0
010 _a9785999915290
_9300
021 _aRU
_b2013-26246
_91809
035 _a(NLR Aleph) 002015737
090 _a4480484
_c4480484
100 _a20130424d2012 u y0rusy50 ca
101 0 _arus
102 _aRU
105 _aa |||||||||
200 1 _aМаркетинг в схемах и таблицах
_eучебное пособие
_fН.К. Беккалиева
_gФедер. гос. бюджет. образоват. учреждение высш. проф. образования Балаковский фил. "Рос. акад. нар. хоз-ва и гос. службы при Президенте Рос. Федерации"
210 _aСаратов
_cНаука
_d2012
215 _a158 с.
_cил.
_d21
300 _aНа обороте тит. л. авт.: к.э.н., доц. Н.К. Беккалиева
320 _aБиблиогр.: с. 157-158 (35 назв.)
606 1 _aМаркетинг
_jУчебные издания для высших учебных заведений
_91262222
_3RU\NLR\auth\66200829
686 _aУ5-361.4я73
686 _aУ010.63я73
700 1 _aБеккалиева
_bН. К.
_gНаталья Климентьевна
_4070
801 0 _aRU
_bNLR
_c20130424
_gRCR
801 1 _aRU
_bNLR
_c20130424
830 _aавт. по кн.
942 _cBOOK
980 _aNBR